000 01537nam a2200445 i 4500
001 24439
003 KOSZ 005
005 20220915083232.0
008 980702s1994 pl a f f |001 0 pol
015 _aPB 1996/1260
020 _a838520542X
040 _aWA N
_cWA N
_dKOSZ 005/HR
041 1 _apol
_heng
046 _k1994
080 _a339.138
080 _a(07)
100 1 _aKotler, Philip
_d(1931- )
_eAutor
245 1 0 _aMarketing :
_banaliza, planowanie, wdrażanie i kontrola /
_cPhilip Kotler ; [redakcja naukowa wydania polskiego Marek Belka].
246 1 _iTyt. oryg.:
_aMarketing management :
_banalysis, planning, implementation and control,
_f1994.
250 _a[Wydanie 3].
260 _aWarszawa :
_bGebethner & Ska,
_ccop. 1994.
300 _aXXX, 743, [1] s. :
_brys., wykr. ;
_c27 cm.
336 _2rdacontent
_aTekst
_btxt
337 _2rdamedia
_aBez urządzenia pośredniczącego
_bn
338 _2rdacarrier
_aWolumin
_bnc
380 _aKsiążki
380 _aPublikacje dydaktyczne
380 _aPublikacje fachowe
385 _mPoziom nauczania
_aSzkoły wyższe
388 _a1901-2000
388 _a1989-2000
504 _aIndeksy.
650 4 _aMarketing
655 4 _aPodręcznik
658 _aZarządzanie i marketing
700 1 _aBelka, Marek
_d(1952- )
_eRedakcja
710 2 _aWydawnictwo Gebethner i Ska
_4pbl
856 _uhttp://koha.tu.koszalin.pl/cgi-bin/koha/opac-detail.pl?biblionumber=24439
_yKatalog online BPK
942 _2UKD
_cKS
999 _c24439
_d24439